Einführung in soziologisches Denken
| Contributors: | ; |
|---|---|
| Format: | Print Book |
| Language: | German |
| Published: |
Weinheim [u.a.]
Beltz
1986
|
| In: | Year: 1986 |
| Edition: | 2., völlig neubearb. Aufl. |
| Online Access: |
Table of Contents Table of Contents Table of Contents |
| Availability in Tübingen: | Present in Tübingen. IFK: O I 220 |
| Check availability: | HBZ Gateway |
| Subito Delivery Service: | Order now. |
| Keywords: |
MARC
| LEADER | 00000cam a2200000 c 4500 | ||
|---|---|---|---|
| 001 | 273990063 | ||
| 003 | DE-627 | ||
| 005 | 20260206193949.0 | ||
| 007 | tu | ||
| 008 | 870122s1986 gw ||||| 00| ||ger c | ||
| 015 | |a 86,N40,0089 |2 dnb | ||
| 015 | |a 87,A05,0371 |2 dnb | ||
| 016 | 7 | |a 860955036 |2 DE-101 | |
| 020 | |a 3407546866 |c Pp. : DM 68.00 |9 3-407-54686-6 | ||
| 035 | |a (DE-627)273990063 | ||
| 035 | |a (DE-603)00467135X | ||
| 035 | |a (DE-576)012462063 | ||
| 035 | |a (DE-599)GBV273990063 | ||
| 035 | |a (OCoLC)241981467 | ||
| 035 | |a (OCoLC)35703763 | ||
| 035 | |a (OCoLC)241981467 | ||
| 035 | |a (AT-OBV)AC00296784 | ||
| 040 | |a DE-627 |b ger |c DE-627 |e rakwb | ||
| 041 | |a ger | ||
| 044 | |c XA-DE |c XA-CH | ||
| 082 | 0 | |a 30122 | |
| 084 | |a S 32 |2 sfb | ||
| 084 | |a 14 |2 sdnb | ||
| 084 | |a MR 2000 |2 rvk |0 (DE-625)rvk/123487: | ||
| 084 | |a MQ 1200 |2 rvk |0 (DE-625)rvk/123412: | ||
| 084 | |a MR 1100 |2 rvk |0 (DE-625)rvk/123485: | ||
| 084 | |a MR 5100 |2 rvk |0 (DE-625)rvk/123510: | ||
| 084 | |a 71.00 |2 bkl | ||
| 245 | 0 | 0 | |a Einführung in soziologisches Denken |c Peter Stromberger; Will Teichert |
| 246 | 1 | |i Nebent. |a Soziologisches Denken | |
| 246 | 3 | 3 | |a Soziologisches Denken |
| 250 | |a 2., völlig neubearb. Aufl. | ||
| 264 | 1 | |a Weinheim [u.a.] |b Beltz |c 1986 | |
| 300 | |a XII, 440 S. |b graph. Darst. |c 25 cm | ||
| 336 | |a Text |b txt |2 rdacontent | ||
| 337 | |a ohne Hilfsmittel zu benutzen |b n |2 rdamedia | ||
| 338 | |a Band |b nc |2 rdacarrier | ||
| 500 | |a Literaturverz. S. 423 - 440 | ||
| 583 | 1 | |a Archivierung/Langzeitarchivierung gewährleistet |f PEBW |x XA-DE-BW |2 pdager |5 DE-31 | |
| 583 | 1 | |a Massenentsäuert |c 2015 |k DE-18 |2 pdager |5 DE-H16 | |
| 650 | 4 | |a Soziologie | |
| 650 | 4 | |a Logik der Sozialwissenschaft | |
| 650 | 4 | |a Soziologische Theorie | |
| 650 | 4 | |a Literatur | |
| 655 | 7 | |a Einführung |0 (DE-588)4151278-9 |0 (DE-627)104450460 |0 (DE-576)209786884 |2 gnd-content | |
| 689 | 0 | 0 | |d s |0 (DE-588)4077624-4 |0 (DE-627)104152036 |0 (DE-576)209205849 |a Soziologie |2 gnd |
| 689 | 0 | |5 DE-101 | |
| 689 | 1 | 0 | |d s |0 (DE-588)4077624-4 |0 (DE-627)104152036 |0 (DE-576)209205849 |a Soziologie |2 gnd |
| 689 | 1 | |5 (DE-627) | |
| 700 | 1 | |8 1\p |a Stromberger, Peter |d 1932- |0 (DE-588)1297427572 |0 (DE-627)1853770825 |4 oth | |
| 700 | 1 | |a Teichert, Will |d 1941- |0 (DE-588)1164446983 |0 (DE-627)1028872984 |0 (DE-576)508535158 |4 oth | |
| 856 | 4 | 2 | |u http://www.gbv.de/dms/hebis-darmstadt/toc/467135X.pdf |m V:DE-603 |m B:DE-17 |q pdf/application |x Verlag |y Inhaltsverzeichnis |3 Inhaltsverzeichnis |7 1 |
| 856 | 4 | 2 | |u http://www.gbv.de/dms/ilmenau/toc/024804037.PDF |m V:DE-601 |m B:DE-ilm1 |q pdf/application |x Verlag |y Inhaltsverzeichnis |3 Inhaltsverzeichnis |7 1 |
| 856 | 4 | 2 | |u http://scans.hebis.de/HEBCGI/show.pl?00467135_toc.pdf |m V:DE-603;B:DE-17 |q application/pdf |3 Inhaltsverzeichnis |7 1 |
| 883 | |8 1\p |a cgwrk |d 20250301 |q DE-101 |u https://d-nb.info/provenance/plan#cgwrk | ||
| 889 | |w (DE-627)19199281X | ||
| 889 | |w (DE-627)024804037 | ||
| 935 | |i mdedup | ||
| 935 | |i Blocktest | ||
| 936 | r | v | |a MR 2000 |b Allgemeine Werke und Lehrbücher |k Soziologie |k Sozialwissenschaftliche Theorien und Methoden |k Methoden der Sozialforschung |k Allgemeine Werke und Lehrbücher |0 (DE-627)1271138913 |0 (DE-625)rvk/123487: |0 (DE-576)201138913 |
| 936 | r | v | |a MQ 1200 |b Allgemeine Einführungen in die Soziologie |k Soziologie |k Einführung und Geschichte |k Einführungen und Reader |k Allgemeine Einführungen in die Soziologie |0 (DE-627)1271366118 |0 (DE-625)rvk/123412: |0 (DE-576)201366118 |
| 936 | r | v | |a MR 1100 |b Sozialwissenschaftliche Methodologie und Methodenkritik |k Soziologie |k Sozialwissenschaftliche Theorien und Methoden |k Wissenschaftstheorie und Erkenntnistheorie |k Sozialwissenschaftliche Methodologie und Methodenkritik |0 (DE-627)127142746X |0 (DE-625)rvk/123485: |0 (DE-576)20142746X |
| 936 | r | v | |a MR 5100 |b Allgemeine Darstellungen (Reader in modern Theory) |k Soziologie |k Sozialwissenschaftliche Theorien und Methoden |k Jüngere soziologische Theorie |k Allgemeine Darstellungen (Reader in modern Theory) |0 (DE-627)1271305135 |0 (DE-625)rvk/123510: |0 (DE-576)201305135 |
| 936 | b | k | |a 71.00 |j Soziologie: Allgemeines |0 (DE-627)106423444 |
| 936 | s | n | |a m200 |2 mzub |
| 951 | |a BO | ||
| ELC | |b 1 | ||
| LOK | |0 000 xxxxxcx a22 zn 4500 | ||
| LOK | |0 001 3251397230 | ||
| LOK | |0 003 DE-627 | ||
| LOK | |0 004 273990063 | ||
| LOK | |0 005 20141201115928 | ||
| LOK | |0 008 930429||||||||||||||||ger||||||| | ||
| LOK | |0 040 |a DE-21-110 |c DE-627 |d DE-21-110 | ||
| LOK | |0 689 |a s |a Soziologie | ||
| LOK | |0 852 |a DE-21-110 | ||
| LOK | |0 852 1 |c O I 220 |m p |9 00 | ||
| LOK | |0 935 |a k110 | ||
| LOK | |0 936ln |a 7.1 | ||
| LOK | |0 938 |k p | ||
| LOK | |0 939 |a 29-04-93 |b l01 | ||
| ORI | |a SA-MARC-krimdoka001.raw | ||
| SIG | |a IFK: O I 220 | ||
